Największe miasta w województwie wielkopolskim - Statystyki

Ogólne statystyki
  • Ten quiz został rozwiązany 602 razy
  • Średni wynik to 9 z 15
Statystyki odpowiedzi
Odpowiedzi % Poprawnych
1 Poznań
100%
2 Kalisz
88%
3 Konin
87%
4 Piła
85%
6 Gniezno
82%
7 Leszno
78%
5 Ostrów Wielkopolski
69%
11 Śrem
54%
9 Swarzędz
52%
14 Jarocin
50%
13 Turek
47%
8 Luboń
43%
12 Krotoszyn
41%
15 Wągrowiec
37%
10 Września
36%
Nie znaleziono quizów pasujących do podanych kryteriów
Rozkład punktacji
Procent ludzi z każdym wynikiem
Percentyl według liczby udzielonych odpowiedzi
Twoja historia wyników
Nie rozwiązałeś tego quizu